000 01235nam a2200325 c 4500
003 BLK
005 20250422144613.0
008 180408b bul|||||r ||||||| ||bul||
010 _aKNG00070756000
020 _a954-365-009-8
_bиздат.: Еднорог
040 _aBLK
041 _aBUL
_cBUL
080 _aТурска литература
_b821.512.161
_x-31
_z821.512.161-31
100 1 _aПамук, Орхан
_eпърви автор
_9105861
700 1 _aЧешмеджиева, Гюлчин
_eпрев.
_9370691
139 _aПамук, Орхан
_bП 16
245 1 0 _aЧерна книга
_bРоман
_cОрхан Памук; прев. Гюлчин Чешмеджиева.
250 _a2. изд.
257 _aTUR
260 София
_bЕднорог
_c2006
300 _a560 с.
_c21 см
380 _aX
500 _aОриг. загл. Kara kitab / Orhan Pamuk. - 1. изд. 2000 на изд. Нар. култура. - Кн. е получила Новелова награда за 2006. - Офс. изд.
852 _aЦб 230859
856 4 _qpdf
_u
856 4 _qpdf
_u
942 _cKNG
_n0
_09
944 _aCR
_c24.01.2007
_k30576
_lЦветомила Тодорова
944 _aED
_c16.10.2007
_k
999 _c66459
_d66459